000 00809cam a22002773a 4500
001 2697
003 PGUSA
005 20140828083020.0
008 040929s2004||||xxu|||||s|||||000 1 eng d
040 _aPGUSA
_beng
042 _adc
050 4 _aPS
100 1 _aHolmes, Oliver Wendell,
_d1809-1894
245 1 4 _aThe Guardian Angel
_h[electronic resource] /
_cOliver Wendell Holmes
260 _bProject Gutenberg,
_c2004
506 _aPublic domain in the USA.
516 _aElectronic text
653 _aPsychotherapy patients -- Fiction
653 _aMentally ill -- Fiction
653 _aMental illness -- Fiction
653 _aYoung women -- Fiction
653 _aPsychological fiction
830 0 _aProject Gutenberg
_v2697
856 4 0 _uhttp://www.gutenberg.org/ebooks/2697
942 _cEB
999 _c232030
_d232030